000 00766nam a2200241Ia 4500
003 OSt
005 20220926001215.0
006 a|||||r|||| 00| 0
007 ta
008 220923b |||||||| |||| 00| 0 eng d
037 _cGeneral Book
040 _aRTL
_cRTL
_beng
041 _2eng
_aeng
082 _aX71:8F.2.N77<N76r, L6/GD
110 _aINDIA, RAILWAYS (Ministry of-)
_9272399
245 0 _aPublic accounts committee (1976-77)
_b Two hundred andand twenty-fifth report
260 _a New Delhi
_bLok Sabha secretariat
_c1976
300 _av,98p.
_ccm.
500 _aAppendix :68-98p.
700 _aINDIA, RAILWAYS (Ministry of-)
_9272400
942 _hX71:8F.2.N77<N76r, L6/GD
_cGB
_2CC
999 _c600901
_d600901